000 01065nam a2200325 a 4500
001 24927
003 CO-ViMGA
008 141112s2004 ck r 000 u spa d
020 _a9789585749467
040 _aCO-ViMGA
_bspa
_cCO-ViMGA
041 _aSPA
090 _aA DON3
100 1 _aDonaldson, Julia
_937443
245 1 0 _aEl grufaló /
_cJulia Donaldson ; ilustraciones de Axel Scheffler ; traducción de Francisco Segovia
250 _a1a ed., 1a reimpr.
260 _aBogotá :
_bCastillo,
_c2012
300 _a26 p. : il. col.
490 _aCastillo de la lectura
500 _aTítulo original : The gruffalo
650 1 4 _aASTUCIA - LIBROS DE IMAGENES
_937444
650 1 4 _aAUTORES INGLESES
_937445
650 1 4 _aDESDE LOS 3 AÑOS
_937446
650 1 4 _aHUMOR - LIBROS DE IMAGENES
_937447
650 1 4 _aILUSTRADORES ALEMANES
_937448
650 1 4 _aIMAGINACION - LIBROS DE IMAGENES
_937449
650 1 4 _aMONSTRUOS - LIBROS DE IMAGENES
_937450
700 1 _aScheffler, Axel
_937451
700 1 _aSegovia, Francisco
_937452
942 _2ddc
_cBK
999 _c2517
_d2517